Genéza myšlienky ekonomickej morálky, etiky a spoločensky zodpovedného podnikania
Prvopočiatky morálneho správania na trhu. Zrod hospodárskej etiky. Známi ekonómovia zaoberajúci sa otázkami etiky. Sociálna zodpovednosť, filantropizmus a spotrebiteľské práva. Spoločensky zodpovedné podnikanie.
Salvato in:
| Autore principale: | |
|---|---|
| Natura: | Capitolo di libro |
| Lingua: | slovacco |
| Soggetti: | |
| Tags: |
Nessun Tag, puoi essere il primo ad aggiungerne!!
|
MARC
| LEADER | 00000naa a2200000 4500 | ||
|---|---|---|---|
| 001 | 0208781 | ||
| 005 | 20231128090303.2 | ||
| 041 | 0 | |a slo | |
| 044 | |a SK | ||
| 245 | 1 | 0 | |a Genéza myšlienky ekonomickej morálky, etiky a spoločensky zodpovedného podnikania |c Zsolt Horbulák |
| 520 | |a Prvopočiatky morálneho správania na trhu. Zrod hospodárskej etiky. Známi ekonómovia zaoberajúci sa otázkami etiky. Sociálna zodpovednosť, filantropizmus a spotrebiteľské práva. Spoločensky zodpovedné podnikanie. | ||
| 610 | 2 | 0 | |a etika |
| 610 | 2 | 0 | |a etika hospodárska |
| 610 | 2 | 0 | |a morálka |
| 610 | 2 | 0 | |a podnikanie zodpovedné |
| 610 | 2 | 0 | |a zodpovednosť spoločenská |
| 100 | 1 | |a Horbulák, Zsolt, 1972- | |